000 00338nam a2200145Ia 4500
100 _aJain M.
490 _vIII
942 _cBK
654 _aSemi - conductor Data Manual
245 _aPractical Semi- conductor Data Manual
260 _bBusiness promotion
_aDelhi
_c1981
082 _a621.3817304
300 _a263
546 _aENGLISH
999 _c35333
_d35333